|
|
|
|
| LEADER |
01207nam a22002777a 4500 |
| 001 |
43478 |
| 003 |
BD-DhAAL |
| 005 |
20241001100157.0 |
| 008 |
241001t bg a|||| |b|| 00| 0 eng d |
| 020 |
|
|
|a 9789849903345
|
| 040 |
|
|
|a BD-DhAAL
|d BD-DhAAL
|
| 082 |
|
|
|a 338.1095492
|2 23
|
| 100 |
|
|
|a Rahman, Sadikur.
|9 56902
|
| 245 |
|
|
|a Agrarian structure of Bangladesh :
|b tale from a village /
|c Sadikur Rahman.
|
| 246 |
|
|
|a বাংলাদেশের কৃষি কাঠামো [গ্রাম থেকে দেখা]
|
| 264 |
|
|
|a Dhaka :
|b Dyu Publication,
|c 2024.
|
| 300 |
|
|
|a 296 pages ;
|c 19 cm.
|
| 526 |
|
|
|a BIGD
|x Nazim uddin
Manager, Admin and logistics
BIGD, BRAC University.
|
| 541 |
|
|
|a Pathak shamabesh centre
|e 43478
|
| 650 |
|
|
|a Agriculture
|z Bangladesh.
|
| 650 |
|
|
|a Agriculture
|x Economic aspects
|z Bangladesh.
|
| 650 |
|
|
|a Economics.
|
| 852 |
|
|
|a Ayesha abed Library
|
| 942 |
|
|
|2 ddc
|c BK
|
| 999 |
|
|
|c 46980
|d 46980
|
| 952 |
|
|
|0 0
|1 0
|2 ddc
|4 0
|6 338_109549200000000_RAH
|7 0
|9 76653
|a BIGD
|b BIGD
|d 2024-10-01
|e Pathak shamabesh centre
|g 600.00
|l 0
|o 338.1095492 RAH
|p 3050043478
|r 2024-10-01
|t 1
|v 1200.00
|w 2024-10-01
|y BK
|x Requisitioned by Nazim uddin Manager, Admin and logistics BIGD, BRAC University.
|